| 000 | 00471nam a2200157 i 4500 | ||
|---|---|---|---|
| 001 | 104495 | ||
| 003 | ES-MaACL | ||
| 005 | 20230906183623.0 | ||
| 007 | t| | ||
| 008 | 051130s1921 xxu ||||1| spa d | ||
| 100 | 1 |
_aMillé y Giménez, Juan. _981195 |
|
| 245 | 1 | 0 |
_aUn epigrama latino de Lope de Vega / _cJuan Millé y Jiménez. |
| 260 |
_aNew York ; _aParis : _b[s.n.], _c1921. |
||
| 500 | _aExtrait de la "Revue Hispanique", tome LI. | ||
| 852 |
_aES-MaACL _j1642-F-17 |
||
| 999 |
_c104495 _d104495 |
||